00730nam a2200181 a 450000100100000000500170001000800410002702000150006804000250008310000260010824501540013426000510028830000210033949000460036070000570040670000400046383000450050300002567620200930023950.0110221s19uu sp 000 0 spa d a8474612519 aDO-SdBNPbspacBNPHU1 aVoltaire,d1694-1778.10aCándido el ingenuo / :bVoltaire ; traducciónes de Leandro Fernández de Moratín y del abate Marchena ; prólogo de Joaquín del Moral Ruiz. aMadrid :bClub internacional del libro,c19uu. a195 p. ;c20 cm.1 aGrandes Genios de la literatura universar1 aFernández de Moratín, Leandro,d1760-1828etrad.1 aMoral Ruiz, Joaquín del,epról. 0aGrandes Genios de la literatura universa